Ocho Lecciones sobre Etica y Derecho (Record no. 5174)
[ view plain ]
| 000 -CABECERA | |
|---|---|
| campo de control de longitud fija | 00538nam a22001697a 4500 |
| 020 ## - NUMERO INTERNACIONAL NORMALIZADO PARA LIBROS (ISBN) | |
| International Standard Book Number | 9789876293297 |
| 080 ## - NUMERO DE CLASIFICACION DECIMAL UNIVERSAL (CDU) | |
| Número de la Clasificación Decimal Universal | 340.12 N 622 |
| 100 ## - ASIENTO PRINCIPAL--NOMBRE PERSONAL | |
| Nombre personal | Nino, Carlos |
| 245 ## - MENCION DE TITULO | |
| Título propiamente dicho | Ocho Lecciones sobre Etica y Derecho |
| Parte restante del título | para pensar la Democracia |
| 250 ## - MENCION DE EDICION | |
| Mención de edición | 2° Ed. |
| 260 ## - PUBLICACION, DISTRIBUCION, ETC. (PIE DE IMPRENTA) | |
| Lugar de publicación, distribución, etc. | Buenos Aires: |
| Nombre del editor, distribuidor, etc. | Siglo XXI, |
| Fecha de publicación, distribución, etc. | 2017 |
| 300 ## - DESCRIPCION FISICA | |
| Extensión | 192 P. |
| Dimensiones | 20 X 13 Cm. |
| 490 ## - MENCION DE SERIE | |
| Mención de serie | Minima |
| 650 ## - ASIENTO SECUNDARIO DE MATERIA - TERMINO TEMATICO | |
| Subdivisión general | derecho |
| -- | etica |
| -- | filosofia del derecho |
| -- | naturalismo |
| -- | kant |
| -- | Hare |
| -- | metaetica |
| -- | Jhon Rawls |
| -- | principio de igualdad |
| -- | libertad |
| 942 ## - ELEMENTOS AGREGADOS (KOHA) | |
| Clasificación normalizada de Koha para alfabetizar | _ |
| 945 ## - INFORMACION DE PROCESAMIENTO LOCAL | |
| Responsable de carga/modificación | Celeste Delía |
| AAAA-MM-DD - Fecha de ingreso/modificación | 2022-08-04 |
| Retirado | Perdido | Fuente de clasificación | Dañado | No se presta | Ubicación permanente | Locación actual | Estante o sala | Fecha de adquisición | Total préstamos | Signatura topográfica | Inventario | Ultima fecha vista | Fecha del precio | Tipo de item de Koha |
|---|---|---|---|---|---|---|---|---|---|---|---|---|---|---|
| Bib. Derecho | Bib. Derecho | Sala de Lectura | 04/08/2022 | 340.12 N 622 | 204187 | 04/08/2022 | 04/08/2022 | LIBRO (Consulta) |
